000 00444nam a2200181Ia 4500
001 19969
005 20260306172731.0
008 260306t2018||||xx |||||||||||||| ||spa||
041 _aESP
082 _a342
_bS54A
100 _aSilva Santisteban, José
_eAUT
245 0 _aCurso de derecho internacional ó de gentes
260 _c2018
300 _a221 páginas :
_c24 cm.
650 _aGEN
654 _aCDE
942 _cLIB
_dJUS
_fJUS
_2ddc
_n
999 _c19969
_d19969